Počátek působení islámských nevládních organizací s radikálním podtextem

Vznik islamských nevládnych organizácií. Prílev financií do islamskej globálnej teroristickej siete. Charitatívne finančné prostriedky prúdiace do nevládnych organizácií, ktoré je možné využiť v prípade potreby akejkoľvek radikálnej skupiny napojenej na sieť extrémistov globálneho džihádu. Vznik isl...

Celý popis

Uložené v:
Podrobná bibliografia
Hlavný autor: Makariusová, Radana
Médium: Kapitola
Jazyk:Czech
Predmet:
Tagy: Pridať tag
Žiadne tagy, Buďte prvý, kto otaguje tento záznam!

MARC

LEADER 00000naa$a2200000$$$4500
001 0087542
005 20231016093325.0
041 0 |a cze 
044 |a CZ 
245 1 0 |a Počátek působení islámských nevládních organizací s radikálním podtextem  |c Radana Makariusová 
520 |a Vznik islamských nevládnych organizácií. Prílev financií do islamskej globálnej teroristickej siete. Charitatívne finančné prostriedky prúdiace do nevládnych organizácií, ktoré je možné využiť v prípade potreby akejkoľvek radikálnej skupiny napojenej na sieť extrémistov globálneho džihádu. Vznik islamských nevládnych organizácií počas rusko-afganského konfliktu. Poslanie týchto organizácií. Islamské humanitárne organizácie v 90. rokoch. 
610 2 0 |a organizácie nevládne 
610 2 0 |a náboženstvo 
610 2 0 |a islam 
610 2 0 |a vojny 
610 2 0 |a terorizmus 
100 1 |a Makariusová, Radana